00526 2200205 4500001002100000005001500021035002000036008004100056245008000097100001800177250000600195260003600201300001100237084001400248082000800262650001400270990001200284990001200296990001200308INLIS00000000000028120240503073358 a0010-0424000257240503 0 ind 1 aEnsiklopedia Matematika Terapan : Matematika Dalam Televisi /cSimon Garner aGarner, Simon a1 aJakarta :bCempaka Putih,c2015 a56 hlm a510 SIM e a510 4aNon Fiksi a0728847 a0728848 a0728849